000 00817nam a22002177a 4500
005 20211104150311.0
008 211104b ||||| |||| 00| 0 eng d
020 _a333179536
040 _cAL
082 _223
_a338.80
_bDYAE
100 _aGareth P Dyas: Heinz T Thanheiser
_99714
245 _aEmerging European Enterprise: Strategy and Structure in French and German Industry
260 _aLondon
_bThe Macmillan Press Ltd
_c1976
300 _aviii,337 p.
_bHB
_c22x14 cm.
520 _uhttps://www.google.co.in/books/edition/The_Emerging_European_Enterprise/HGOuCwAAQBAJ?hl=en&gbpv=1&printsec=frontcover
650 _aProduction Economics
_99715
650 _aIndustrial Enterprise
_99716
650 _aTransition in France
_99717
700 _aDYAS (Gareth P): THANHEISER (Heinz T)
_99718
942 _2ddc
_cGF
999 _c220386
_d220386